[Event "Lviv Tradition June 2018"]
[Site "Lviv"]
[Date "2018.06.12"]
[Round "2"]
[White "Shkuran, Danylo"]
[Black "Akdogan, Alperen"]
[Result "0-1"]
[WhiteElo "2368"]
[BlackElo "2260"]
[Annotator "TA"]
[PlyCount "88"]
[EventDate "2018.??.??"]
[EventType "schev"]
[EventCountry "UKR"]
[SourceTitle "playchess.com"]
[Source "ChessBase"]
[SourceQuality "1"]

{[%evp 10,88,47,42,30,-4,-11,-71,49,13,25,8,12,0,14,0,0,4,7,-6,0,0,0,0,0,0,0,-50,-41,-24,-32,-63,-58,-105,-83,-95,-102,-100,-89,-128,-132,-120,-116,-188,-187,-187,-187,-187,-191,-187,-187,-174,-154,-102,-218,-258,-258,-258,-258,-239,-254,-567,-566,-535,-535,-561,-540,-428,-330,-669,-602,-819,-682,-1472,-1408,-1353,-972,-1504,-1478,-1419,-1297]} 1. e4 d5 2. exd5 Qxd5 3. Nc3 Qd6 4. d4 Nf6 5. Nf3 Bg4 6. Be2 {LiveBook: 15 Partien. B01: Skandinavische Verteidigung} (6. h3 Bh5 7. g4 Bg6 8. Ne5 Nbd7 9. Nxg6 hxg6 10. Bg2 c6 11. Qd3 e6 12. Bd2 Nb6 13. O-O-O Nbd5 14. Ne2 {1-0 (39) Bologan,V (2640)-Kovalenko,I (2684) Tallinn 2016}) 6... e6 7. Ne5 Bxe2 8. Qxe2 (8. Nxe2 $11 Nc6 9. Bf4 Qb4+ 10. c3 Qxb2 11. O-O) 8... c6 (8... Qxd4 $17 9. Qb5+ Nbd7 10. Nxd7 Nxd7) 9. Be3 Nbd7 10. f4 (10. Nd3 {keeps more tension.} Be7 11. g4 Nb6 12. g5 Nfd5 13. Ne4) 10... Qc7 11. a3 $146 ({Vorgänger:} 11. O-O-O Bb4 12. Bd2 Bxc3 13. Bxc3 Nd5 {½-½ (75) Luong,P (2122)-Le,H (2124) Da Lat 2014}) 11... Bd6 12. O-O O-O 13. Rae1 a6 14. Qf3 Rac8 15. Kh1 c5 16. Nxd7 Qxd7 17. Rd1 {[#] Droht stark dxc5.} Qe7 18. f5 cxd4 19. Bxd4 e5 {[%cal Be6e5,Be5e4][%mdl 32]} 20. Be3 e4 $1 {[%cal Re4f3]} 21. Qh3 Be5 22. Bd4 Rfd8 23. Bxe5 Qxe5 24. Rfe1 h5 25. Rxd8+ Rxd8 26. Qh4 (26. Qe3 $17) 26... Rd2 $19 27. h3 {[%cal Rc3e4]} Rxc2 {Droht ...e3 und aus.} 28. Nxe4 Nxe4 $40 {[%mdl 128] Schwarz hat starken Angriff.} ({Bloß nicht} 28... Qxf5 29. Nxf6+ gxf6 30. Qg3+ Kh7 31. Qb3 $15) 29. Qxe4 Qxe4 30. Rxe4 Rxb2 {[%mdl 4096] Endspiel KT-KT} 31. Re8+ (31. Kh2 $17) 31... Kh7 32. Re7 {[#]} f6 $1 33. Kh2 Rb3 34. a4 a5 35. g4 $2 (35. g3) 35... hxg4 36. hxg4 {Wenn Weiss jetzt Zeit für g5 hätte...} Kh6 37. Rf7 b6 38. Rb7 Rb4 39. Kh3 $2 (39. Kg3) 39... Rxa4 {Schwarz steht klar auf Gewinn.} 40. Rxb6 Kg5 41. Rb7 Ra3+ 42. Kg2 Kxg4 43. Rxg7+ Kxf5 44. Ra7 Kf4 {Precision: Weiß = 33%, Schwarz = 85%.} 0-1

[Event "Lviv Tradition June 2018"]
[Site "Lviv"]
[Date "2018.06.12"]
[Round "3"]
[White "Can, Isik"]
[Black "Sabuk, Piotr"]
[Result "1/2-1/2"]
[WhiteElo "2396"]
[BlackElo "2369"]
[Annotator "NA"]
[PlyCount "42"]
[EventDate "2018.??.??"]
[EventType "schev"]
[EventCountry "UKR"]
[SourceTitle "playchess.com"]
[Source "ChessBase"]
[SourceQuality "1"]
[TimeControl "5400+30"]

1. e4 {[%emt 0:00:24]} c5 {[%emt 0:00:07]} 2. Nf3 {[%emt 0:00:06]} d6 {[%emt 0:00:10]} 3. d4 {[%emt 0:00:05]} cxd4 {[%emt 0:00:05]} 4. Nxd4 {[%emt 0:00:03]} Nf6 {[%emt 0:00:20]} 5. Nc3 {[%emt 0:00:05]} a6 {[%emt 0:00:12]} 6. Bg5 {[%emt 0:00:14]} Nbd7 {[%emt 0:00:34]} 7. f4 {[%emt 0:00:06]} Qc7 {[%emt 0:00:49]} 8. Qf3 {[%emt 0:00:26]} h6 {[%emt 0:00:55]} 9. Bxf6 {[%emt 0:00:04]} Nxf6 {[%emt 0:00:13]} 10. f5 {[%emt 0:00:24]} Qc5 {[%emt 0:00:56]} 11. O-O-O {[%emt 0:00:13]} g5 {[%emt 0:00:32]} 12. fxg6 {[%emt 0:04:41]} Bg4 {[%emt 0:01:33]} 13. gxf7+ {[%emt 0:00:17]} Kxf7 {[%emt 0:00:16]} 14. Qd3 {[%emt 0:01:08]} Bxd1 {[%emt 0:00:07]} 15. Nxd1 {[%emt 0:00:33]} Bg7 {[%emt 0:00:05]} 16. Be2 {[%emt 0:19:34]} e6 {[%emt 0:02:30]} 17. Ne3 {[%emt 0:03:59]} Rhe8 {[%emt 0:03:05]} 18. Nb3 {[%emt 0:12:06]} Qc7 {[%emt 0:03:07]} 19. Nd4 {[%emt 0:16:32]} Qc5 {[%emt 0:28:31]} 20. Nb3 {[%emt 0:00:22]} Qc7 {[%emt 0:03:31]} 21. Nd4 {[%emt 0:01:13]} Qc5 1/2-1/2

[Event "Lviv Tradition June 2018"]
[Site "Lviv"]
[Date "2018.06.12"]
[Round "3"]
[White "Dedebas, Emre Emin"]
[Black "Mirzoev, Emil"]
[Result "1/2-1/2"]
[WhiteElo "2336"]
[BlackElo "2421"]
[Annotator "TA"]
[PlyCount "62"]
[EventDate "2018.??.??"]
[EventType "schev"]
[EventCountry "UKR"]
[SourceTitle "playchess.com"]
[Source "ChessBase"]
[SourceQuality "1"]

{[%evp 12,62,39,39,75,68,79,45,53,33,48,32,93,97,105,96,115,114,113,114,103,77,79,79,105,0,103,95,167,62,154,26,91,29,32,38,34,43,29,33,28,38,20,50,111,42,90,49,37,32,68,89,70]} 1. d4 Nf6 2. Nf3 d6 3. c4 g6 4. Nc3 Bf5 5. Bg5 Bg7 6. e3 O-O 7. Bd3 {LiveBook: 21 Games} Bg4 {E61: King's Indian: Early deviations for White, including Smyslov System} (7... Bxd3 8. Qxd3 Nbd7 9. O-O h6 10. Bh4 g5 11. Bg3 Nh5 12. Rad1 e6 13. d5 Qe7 14. Nd4 a6 15. Qe2 Nxg3 16. hxg3 {1-0 (36) Kramnik,V (2812)-Caruana,F (2804) Leuven 2016}) 8. h3 Bd7 9. O-O $146 ({Predecessor:} 9. e4 Qc8 10. a3 Re8 11. Qd2 Nc6 12. d5 Na5 13. Qc2 b6 14. b4 Nb7 {1-0 (73) Izzo,R (1600)-Mapelli,D (1485) Milan 2014}) 9... h6 {White is slightly better.} 10. Bf4 Nc6 11. a3 g5 (11... Re8 $14) 12. Bh2 $16 g4 13. hxg4 Nxg4 14. Bg3 f5 15. Nh4 e6 16. Be2 Qg5 17. Nf3 Qg6 {White should prevent ...Nxe3.} 18. Nh4 (18. Qd2 $16) 18... Qh5 (18... Qg5 $1 $11) 19. d5 Ne7 (19... Nce5 $16) 20. e4 (20. dxe6 $1 $18 Bxe6 21. Nb5) 20... Qg5 (20... Bf6 $1 $14 21. dxe6 Bxh4 22. Bxg4 fxg4 23. Bxh4 Bxe6 24. Bxe7 Rf7) 21. Nf3 (21. f4 $16 Qf6 22. e5 (22. Bxg4 fxg4 23. Qxg4 Qd4+ 24. Rf2 Qxc4 $16) 22... dxe5 23. Bxg4) 21... Qf6 (21... Qg6 $1 $11) 22. Bh4 (22. c5 $16) 22... Qf7 $11 23. dxe6 Bxe6 24. Bxe7 Qxe7 25. Nd4 Be5 26. g3 $36 {[%mdl 2048] White is more active.} (26. Nxe6 $2 {is a self mate.} Qh4 $1 {[%mdl 512]} 27. Re1 Qh2+ 28. Kf1 Qh1#) 26... Bxd4 27. Qxd4 Qg7 {[#]} ({Black should try} 27... Qf6 $14 28. Qxf6 Nxf6) 28. Qxg7+ $1 $16 Kxg7 29. exf5 Bxf5 30. Nd5 c6 31. Nf4 Ne5 {Precision: White = 54%, Black = 45%.} 1/2-1/2

[Event "Lviv Tradition June 2018"]
[Site "Lviv"]
[Date "2018.06.12"]
[Round "3"]
[White "Ozenir, Ekin Baris"]
[Black "Anwesh, Upadhyaya"]
[Result "0-1"]
[WhiteElo "2320"]
[BlackElo "2375"]
[Annotator "TA"]
[PlyCount "126"]
[EventDate "2018.??.??"]
[EventType "schev"]
[EventCountry "UKR"]
[SourceTitle "playchess.com"]
[Source "ChessBase"]
[SourceQuality "1"]

{[%evp 21,126,-45,0,-2,0,-7,-3,-10,-14,-29,-9,-62,-52,-66,-61,-62,-54,-69,-54,-51,-40,-47,0,0,0,-13,-16,-21,-18,-70,-54,-71,-72,-64,-68,-63,-27,-20,-31,-106,-91,-100,-102,-106,-102,-110,-106,-110,-115,-101,-97,-128,-113,-162,-156,-191,-162,-270,-258,-255,-214,-235,-223,-234,-237,-388,-381,-496,-483,-525,-522,-589,-585,-595,-557,-948,-928,-796,-630,-620,-613,-602,-599,-640,-568,-632,-644,-1348,-1328,-961,-711,-768,-784,-5708,-4805,-29989,-29990,-29991,-29987,-29992,-29991,-29991,-29991,-29992,-29991,-29992,-29991]} 1. d4 d5 2. c4 c6 3. Nf3 Nf6 4. Nbd2 Bf5 5. g3 h6 6. Bg2 e6 7. O-O Be7 8. b3 Nbd7 9. Bb2 O-O 10. Ne5 a5 11. a3 Bh7 {LiveBook: 13 Partien} 12. Nd3 {D11: Damengambit (Slawische Verteidigung)} (12. Re1 Nxe5 13. dxe5 Nd7 14. cxd5 exd5 15. f4 Nc5 16. Kh1 f6 17. exf6 Bxf6 18. Bxf6 Qxf6 19. b4 axb4 20. axb4 {0-1 (34) Van der Lende,I (2347)-Bok,B (2592) Netherlands 2016}) 12... Qb6 $146 ({Vorgänger:} 12... Ne4 13. c5 b6 14. b4 bxc5 15. Nxe4 dxe4 16. Nxc5 Nxc5 17. dxc5 {1-0 (31) Pujari,R (2156)-Shetye,S (1955) Thrisur 2013}) 13. Rc1 Rfd8 14. Re1 {Die Stellung ist ausgeglichen.} Ne4 15. c5 Qc7 16. Nf3 ({Lieber} 16. f3 $11 Nxd2 17. Qxd2) 16... b6 $15 17. b4 axb4 18. axb4 bxc5 19. dxc5 Bf6 20. Qb3 e5 21. Ra1 Rab8 22. Qa3 Bf5 23. Qa5 (23. Qa7 $5 {[%cal Ra7c7]} Rb7 24. Qa5 $11) 23... Qb7 24. Qa7 {[%cal Rf3e5] [#]} Nexc5 $1 {[%mdl 512] Droht stark ...Dxa7.} 25. Ndxe5 (25. Qxb7 $11 Rxb7 26. Nxc5 Nxc5 27. Bxe5) (25. bxc5 Bxd3) 25... Nxe5 26. Bxe5 Qxa7 ({Natürlich nicht} 26... Qxb4 $6 27. Rac1 $14) 27. Rxa7 Rxb4 28. Rc7 Rc8 29. Rxc8+ Bxc8 30. Bd6 (30. Bxf6 $1 $15 gxf6 31. Rc1) 30... Rb5 31. Rc1 Ne4 32. Be5 Bb7 $36 {[%mdl 2048] Weiss steht unter starkem Druck.} 33. Bxf6 Nxf6 ({Doch nicht} 33... gxf6 $6 34. Nd4 $11) 34. Nd4 Rb6 35. Bh3 Kf8 36. f3 g6 37. Kf2 Ke7 38. Bf1 Kd6 39. g4 (39. e3 $142) 39... c5 $19 40. Nc2 Rb2 41. Ne3 Ba6 42. Ra1 Rb6 43. Rc1 $2 (43. Nd1 {ist wohl besser.}) 43... d4 44. Nc2 Rb2 45. Ke1 Nd5 46. h4 g5 47. h5 Nc3 48. Kd2 Na2 49. Ra1 Nb4 50. Kd1 {[#] Schwarz sollte Sxb4 verhindern.} Bxe2+ $1 {[%mdl 512]} 51. Bxe2 (51. Kxe2 Nxc2) 51... Rxc2 {[%mdl 4096] Endspiel KTL-KTS} ({Minderwertig wäre} 51... Nxc2 52. Ra6+ Ke5 53. Kc1 $11) 52. Ra8 Ra2 53. Rh8 Nd5 {Und weiter mit ...Sc3+ wäre nett.} 54. Rxh6+ Ke5 55. Ke1 Nb4 56. Bc4 Rh2 57. Bxf7 d3 58. Bb3 Nc2+ {Schwarz setzt Matt.} 59. Kf1 {[#]} c4 $1 {[%mdl 512]} 60. Ba4 (60. Bxc4 Ne3+) 60... Ne3+ 61. Kg1 Rg2+ 62. Kh1 Ra2 63. Ra6 d2 {Precision: Weiß = 37%, Schwarz = 78%.} 0-1

[Event "Lviv Tradition June 2018"]
[Site "Lviv"]
[Date "2018.06.12"]
[Round "3"]
[White "Tanriverdi, Enes"]
[Black "Shkuran, Danylo"]
[Result "1/2-1/2"]
[WhiteElo "2281"]
[BlackElo "2368"]
[Annotator "NA"]
[PlyCount "62"]
[EventDate "2018.??.??"]
[EventType "schev"]
[EventCountry "UKR"]
[SourceTitle "playchess.com"]
[Source "ChessBase"]
[SourceQuality "1"]
[TimeControl "5400+30"]

1. d4 {[%emt 0:00:00]} d5 {[%emt 0:00:09]} 2. c4 {[%emt 0:00:00]} c6 {[%emt 0:00:03]} 3. Nf3 {[%emt 0:00:00]} Nf6 4. e3 {[%emt 0:00:01]} e6 {[%emt 0:00:18]} 5. Bd3 {[%emt 0:00:07]} Be7 {[%emt 0:00:11]} 6. O-O {[%emt 0:00:24]} O-O {[%emt 0:00:12]} 7. Nbd2 {[%emt 0:01:13]} Nbd7 {[%emt 0:00:58]} 8. b3 {[%emt 0:00:49]} b6 {[%emt 0:01:30]} 9. Bb2 {[%emt 0:00:07]} Bb7 {[%emt 0:00:23]} 10. Ne5 {[%emt 0:01:27] D30: Queen's Gambit Declined: Systems without Nc3} (10. Qe2 Rc8 11. Ne5 c5 12. f4 Ne4 13. Bxe4 dxe4 14. Rad1 cxd4 15. Nxe4 Nxe5 16. fxe5 Bxe4 17. Rxd4 Bd5 18. cxd5 Bc5 19. Rd3 exd5 20. Qf3 {1-0 (38) Eljanov,P (2760)-Van Wely,L (2640) Wijk aan Zee 2016}) 10... dxc4 {[%emt 0:03:13]} 11. Ndxc4 {[%emt 0:01:10]} c5 {[%emt 0:12:56]} 12. Nxd7 {[%emt 0:04:10]} Qxd7 {[%emt 0:03:20]} 13. Qe2 {[%emt 0:07:55]} Qd5 $146 {[%emt 0:05:37]} ({Predecessor:} 13... cxd4 14. Bxd4 Qd5 15. f3 Qh5 16. Rad1 Rfd8 17. Bb1 Ba6 {1-0 (46) Heidel,A (2163)-Redzepovic,I (2139) Bayern 2014}) 14. f3 {[%emt 0:01:31]} Qg5 {[%emt 0:01:15]} 15. Rad1 {[%emt 0:12:05]} Rfd8 {[%emt 0:04:31]} 16. Ne5 {[%emt 0:27:57]} Bd6 {[%emt 0:01:59]} 17. f4 {[%emt 0:04:46]} Qh5 {[%emt 0:10:55]} 18. Qxh5 {[%emt 0:07:09]} Nxh5 {[%emt 0:00:07]} 19. f5 {[%emt 0:01:44]} Bxe5 {[%emt 0:14:15]} 20. dxe5 {[%emt 0:00:29]} exf5 {[%emt 0:00:35]} 21. Bxf5 {[%emt 0:01:22]} g6 {[%emt 0:04:03]} 22. Bd7 {[%emt 0:01:09]} Ba6 {[%emt 0:05:05]} 23. Rf2 {[%emt 0:03:24]} Ng7 {[%emt 0:00:38]} 24. Rfd2 {[%emt 0:01:05]} Kf8 {[%emt 0:04:18]} 25. e6 {[%emt 0:01:44]} Nxe6 {[%emt 0:03:34]} 26. Bf6 {[%emt 0:00:08]} Rdb8 {[%emt 0:01:04] [#]} 27. Be5 $1 {[%emt 0:05:24]} Rd8 {[%emt 0:00:14] [#]} 28. Bd6+ {[%emt 0:00:59]} (28. Rd5 $1 $16) 28... Kg8 {[%emt 0:01:01]} 29. Be7 {[%emt 0:00:49]} Rdb8 {[%emt 0:00:05]} 30. Bd6 {[%emt 0:05:46]} Rd8 {[%emt 0:00:10]} 31. Be7 {[%emt 0:00:04]} Rdb8 $11 {[%emt 0:00:05]} 1/2-1/2

[Event "Lviv Tradition June 2018"]
[Site "Lviv"]
[Date "2018.06.12"]
[Round "3"]
[White "Akdogan, Alperen"]
[Black "Frolov, Artur"]
[Result "1-0"]
[WhiteElo "2260"]
[BlackElo "2406"]
[Annotator "ChessBase"]
[PlyCount "69"]
[EventDate "2018.??.??"]
[EventType "schev"]
[EventCountry "UKR"]
[SourceTitle "playchess.com"]
[Source "ChessBase"]
[SourceQuality "1"]
[TimeControl "5400+30"]

1. d4 {[%emt 0:00:00]} Nf6 {[%emt 0:00:04]} 2. Nf3 g6 {[%emt 0:00:37]} 3. c4 {[%emt 0:00:00]} Bg7 {[%emt 0:00:04]} 4. Nc3 {[%emt 0:00:06]} O-O {[%emt 0:00:05]} 5. e4 {[%emt 0:00:05]} d6 {[%emt 0:00:03]} 6. h3 {[%emt 0:00:15]} e5 {[%emt 0:00:37]} 7. d5 {[%emt 0:00:08]} c5 {[%emt 0:02:36]} 8. Be2 {[%emt 0:02:13]} Na6 {[%emt 0:00:27]} 9. Be3 {[%emt 0:01:03]} Nh5 {[%emt 0:03:14]} 10. g3 {[%emt 0:13:17]} f5 {[%emt 0:01:56]} 11. exf5 {[%emt 0:00:40]} gxf5 {[%emt 0:00:08]} 12. Nd2 {[%emt 0:00:15]} f4 {[%emt 0:11:58]} 13. Bxh5 {[%emt 0:00:22]} fxe3 {[%emt 0:00:05]} 14. fxe3 {[%emt 0:00:06]} Qg5 {[%emt 0:00:05]} 15. Nde4 {[%emt 0:00:47]} Qxe3+ {[%emt 0:00:20]} 16. Qe2 {[%emt 0:00:09]} Qh6 {[%emt 0:00:26]} 17. a3 {[%emt 0:06:53]} Bf5 {[%emt 0:18:15]} 18. Bg4 {[%emt 0:09:23]} Bxe4 {[%emt 0:05:27]} 19. Nxe4 {[%emt 0:00:21]} Nc7 {[%emt 0:00:10]} 20. h4 {[%emt 0:20:32]} a6 {[%emt 0:13:48]} 21. Bf3 {[%emt 0:02:30]} b5 {[%emt 0:00:56]} 22. b3 {[%emt 0:00:13]} bxc4 {[%emt 0:00:27]} 23. bxc4 {[%emt 0:00:07]} Rab8 {[%emt 0:00:57]} 24. O-O {[%emt 0:00:11]} Rb3 {[%emt 0:01:25]} 25. Bg2 {[%emt 0:01:16]} Ne8 {[%emt 0:12:48]} 26. Rxf8+ {[%emt 0:01:32]} Bxf8 {[%emt 0:00:07]} 27. Qg4+ {[%emt 0:06:41]} Qg6 {[%emt 0:00:11]} 28. Qc8 {[%emt 0:01:51]} Rb2 {[%emt 0:03:50]} 29. Rf1 {[%emt 0:03:31]} Rxg2+ {[%emt 0:00:22]} 30. Kxg2 {[%emt 0:00:04]} Qxe4+ {[%emt 0:00:04]} 31. Kh3 {[%emt 0:00:13]} Qg6 {[%emt 0:09:29]} 32. Rf5 {[%emt 0:00:14]} Bh6 {[%emt 0:06:43]} 33. h5 {[%emt 0:00:28]} Qxf5+ {[%emt 0:00:04]} 34. Qxf5 {[%emt 0:00:06]} Bd2 {[%emt 0:00:17]} 35. Qd7 {[%emt 0:00:47]} 1-0

[Event "Lviv Tradition June 2018"]
[Site "Lviv"]
[Date "2018.06.13"]
[Round "4"]
[White "Mirzoev, Emil"]
[Black "Ozenir, Ekin Baris"]
[Result "1-0"]
[WhiteElo "2421"]
[BlackElo "2320"]
[Annotator "TA"]
[PlyCount "93"]
[EventDate "2018.??.??"]
[EventType "schev"]
[EventCountry "UKR"]
[SourceTitle "playchess.com"]
[Source "ChessBase"]
[SourceQuality "1"]

{[%evp 21,93,22,25,0,0,-132,28,41,58,14,17,21,25,30,22,23,44,51,84,79,91,110,109,98,90,98,128,124,162,124,132,95,96,96,131,79,90,54,60,8,8,1,40,25,40,0,62,53,104,75,72,70,144,95,179,136,227,220,427,421,404,298,1817,1685,2530,2621,2621,1357,29969,29970,6368,6540,5339,5335]} 1. e4 e6 2. d4 d5 3. e5 c5 4. c3 Nc6 5. Nf3 Qb6 6. a3 Nh6 7. b4 cxd4 8. Bxh6 gxh6 9. cxd4 Bd7 10. Ra2 {C02: French: Advance Variation} Rc8 (10... Rg8 11. h3 h5 12. g3 h4 13. g4 Be7 14. Be2 f6 15. b5 Nd8 16. Qd3 Rg7 17. Nc3 Nf7 {0-1 (38) Shirov,A (2684)-Nakamura,H (2787) Zuerich 2016}) 11. Be2 Bg7 {LiveBook: 5 Games} 12. Rc2 {White has an edge.} O-O 13. Nc3 $146 {[#]} (13. O-O $11 {keeps the balance.}) ({Predecessor:} 13. O-O f6 14. exf6 Bxf6 15. Rc5 a5 16. bxa5 Nxa5 17. Rxc8 Rxc8 18. Ne5 {½-½ (18) Skliarov,V (2436)-Itkis,B (2372) Vinnitsia 2016}) 13... Ne7 $2 (13... Nxd4 $1 $17 {[%mdl 512]} 14. Qxd4 (14. Nxd4 $2 Bxe5 15. Ndb5 Bxb5 $19) 14... Qxd4 15. Nxd4 Bxe5) 14. O-O $11 Ng6 15. Qd2 f6 16. exf6 Rxf6 17. Na4 Rxc2 18. Qxc2 Bxa4 19. Qxa4 Nf4 20. Re1 Rf8 21. Qd1 a5 22. Bf1 axb4 23. axb4 Qxb4 24. g3 Ng6 {Hoping for ...Rxf3!} 25. Rxe6 Ne7 26. Re3 Nf5 27. Rd3 Nd6 28. Bh3 (28. Ne5 $142) 28... Kh8 29. Be6 Ne4 $1 30. Kg2 (30. Qb3 $14 Qxb3 31. Rxb3) 30... Qd6 31. Bh3 {[%cal Be6h3,Bh3g2,Bg2f1,Bf1b5,Bb5d3,Bd3f5][%mdl 32]} Qg6 32. Re3 Qf7 33. Kg1 Qh5 ({Better is} 33... h5 $11) 34. Bg2 Rc8 (34... Qe8 $14) 35. Bf1 Qf7 36. Kg2 Re8 ({Black should try} 36... h5 $14) 37. Bb5 Re6 (37... Rf8 $16) 38. Qe1 Rb6 {[#]} (38... Rf6 $16 {was necessary.} 39. Bd3 h5 40. Bxe4 dxe4) 39. Bd3 $1 $18 Nf6 $2 (39... Rf6 40. Qe2 (40. Bxe4 dxe4 41. Ne5 Qd5 $16) 40... b5 41. Bxe4 (41. Bxb5 h5 $16) 41... dxe4 42. Rxe4 b4 43. Re8+ Bf8) 40. Ne5 Qc7 41. Bf5 Ra6 $2 (41... Bf8 42. Rf3 Bd6) 42. Rc3 Rc6 43. Nxc6 bxc6 44. Qe6 Ng8 45. Rxc6 Qe7 46. Rc8 {[%csl Ge6][%cal Rc8g8]} Bf8 47. Qxe7 {Precision: White = 48%, Black = 31%.} 1-0

[Event "Lviv Tradition June 2018"]
[Site "Lviv"]
[Date "2018.06.13"]
[Round "4"]
[White "Frolov, Artur"]
[Black "Tanriverdi, Enes"]
[Result "0-1"]
[WhiteElo "2406"]
[BlackElo "2281"]
[Annotator "NA"]
[PlyCount "80"]
[EventDate "2018.??.??"]
[EventType "schev"]
[EventCountry "UKR"]
[SourceTitle "playchess.com"]
[Source "ChessBase"]
[SourceQuality "1"]
[TimeControl "5400+30"]

1. e4 {[%emt 0:00:00]} c5 {[%emt 0:00:08]} 2. Nf3 {[%emt 0:00:00]} e6 {[%emt 0:00:03]} 3. c4 {[%emt 0:00:10]} Nc6 {[%emt 0:00:25]} 4. Nc3 {[%emt 0:00:05]} Nf6 {[%emt 0:01:44]} 5. d3 {[%emt 0:05:24]} d6 {[%emt 0:01:15]} 6. g3 {[%emt 0:00:21]} Be7 {[%emt 0:00:54]} 7. Bg2 {[%emt 0:00:13]} O-O {[%emt 0:00:06]} 8. O-O {[%emt 0:00:44]} a6 {[%emt 0:06:07]} 9. d4 {[%emt 0:06:34]} cxd4 {[%emt 0:01:25] LiveBook: 8 Games} 10. Nxd4 $14 {[%emt 0:00:01]} Bd7 {[%emt 0:00:35]} 11. b3 {[%emt 0:00:54]} Nxd4 {[%emt 0:15:38]} 12. Qxd4 {[%emt 0:00:03]} Bc6 {[%emt 0:03:54]} 13. Bb2 {[%emt 0:00:29]} b5 {[%emt 0:00:45]} 14. Rfd1 {[%emt 0:01:29]} b4 {[%emt 0:04:10]} 15. Ne2 {[%emt 0:00:18]} e5 {[%emt 0:00:20]} 16. Qd3 {[%emt 0:02:35]} Nd7 {[%emt 0:03:38]} 17. Qe3 {[%emt 0:11:51]} Qc7 {[%emt 0:01:04]} 18. g4 {[%emt 0:00:07]} Nc5 {[%emt 0:12:20]} 19. Ng3 {[%emt 0:00:53]} Ne6 {[%emt 0:03:17]} 20. Nf5 {[%emt 0:03:01]} a5 {[%emt 0:07:00]} 21. Qd3 {[%emt 0:14:20]} Rfd8 {[%emt 0:04:17]} 22. Bc1 {[%emt 0:08:27]} a4 {[%emt 0:14:07]} 23. Bd2 Rab8 24. h4 {[%emt 0:12:45]} g6 {[%emt 0:06:36]} 25. Nxe7+ {[%emt 0:08:31]} Qxe7 {[%emt 0:00:03]} 26. Qg3 {[%emt 0:03:26]} Nd4 {[%emt 0:00:26]} 27. Kf1 {[%emt 0:00:28]} Ra8 {[%emt 0:04:01]} 28. g5 {[%emt 0:07:15]} axb3 {[%emt 0:01:06]} 29. axb3 {[%emt 0:00:01]} Ra3 {[%emt 0:00:16]} 30. Rxa3 {[%emt 0:07:39]} bxa3 {[%emt 0:00:01]} 31. Ba5 {[%emt 0:00:04]} Rc8 {[%emt 0:01:43]} 32. Bb6 {[%emt 0:03:07]} Qb7 {[%emt 0:01:23]} 33. Bxd4 {[%emt 0:00:49]} exd4 {[%emt 0:00:01]} 34. Ra1 {[%emt 0:01:51]} Qb4 {[%emt 0:01:54]} 35. Qd3 {[%emt 0:00:38]} Rb8 {[%emt 0:01:01]} 36. Bf3 {[%emt 0:00:02]} Qc3 {[%emt 0:01:08]} 37. Qxc3 {[%emt 0:01:48]} dxc3 {[%emt 0:00:01]} 38. Ke2 {[%emt 0:01:57]} Rxb3 {[%emt 0:00:05]} 39. Bh1 {[%emt 0:00:37]} c2 {[%emt 0:01:22]} 40. Rc1 {[%emt 0:00:07]} a2 {[%emt 0:00:04]} 0-1

[Event "Lviv Tradition June 2018"]
[Site "Lviv"]
[Date "2018.06.13"]
[Round "4"]
[White "Sabuk, Piotr"]
[Black "Akdogan, Alperen"]
[Result "1-0"]
[WhiteElo "2369"]
[BlackElo "2260"]
[Annotator "NA"]
[PlyCount "57"]
[EventDate "2018.??.??"]
[EventType "schev"]
[EventCountry "UKR"]
[SourceTitle "playchess.com"]
[Source "ChessBase"]
[SourceQuality "1"]
[TimeControl "5400+30"]

1. Nf3 {[%emt 0:00:00]} f5 {[%emt 0:01:29]} 2. d3 {[%emt 0:00:00]} Nf6 {[%emt 0:00:12]} 3. e4 {[%emt 0:00:30]} d6 {[%emt 0:01:15]} 4. Nc3 {[%emt 0:20:54]} e6 {[%emt 0:03:22]} 5. exf5 {[%emt 0:04:15]} exf5 {[%emt 0:00:09]} 6. d4 {[%emt 0:03:05]} Be7 {[%emt 0:00:57]} 7. Bc4 {[%emt 0:04:46]} d5 {[%emt 0:02:05]} 8. Bb3 {[%emt 0:00:39]} O-O {[%emt 0:00:37]} 9. O-O {[%emt 0:02:26]} c6 {[%emt 0:02:06]} 10. Ne2 {[%emt 0:01:56]} Na6 {[%emt 0:04:02]} 11. h4 {[%emt 0:13:28]} Nc7 {[%emt 0:05:50]} 12. g3 {[%emt 0:05:56]} Bd6 {[%emt 0:28:31]} 13. Nf4 {[%emt 0:02:43]} Ne6 {[%emt 0:06:46]} 14. Ne5 {[%emt 0:00:50]} Qc7 {[%emt 0:02:32]} 15. c4 {[%emt 0:06:19]} Nxd4 {[%emt 0:05:56]} 16. Qxd4 {[%emt 0:08:10]} Bxe5 {[%emt 0:00:07]} 17. Qd1 d4 {[%emt 0:06:46]} 18. c5+ {[%emt 0:03:49]} Kh8 19. Qf3 Bd7 {[%emt 0:04:27]} 20. h5 {[%emt 0:04:01]} Be8 {[%emt 0:11:35]} 21. h6 {[%emt 0:03:46]} g6 {[%emt 0:05:53]} 22. Ne6 {[%emt 0:00:58]} Qe7 {[%emt 0:00:07]} 23. Re1 {[%emt 0:03:05]} Ng4 {[%emt 0:04:27]} 24. Bg5 {[%emt 0:03:26]} Bf6 {[%emt 0:02:05]} 25. Bf4 {[%emt 0:01:38]} Rf7 {[%emt 0:01:06]} 26. Ng5 {[%emt 0:02:23]} Ne5 {[%emt 0:00:36]} 27. Rxe5 {[%emt 0:02:50]} Bxe5 {[%emt 0:00:20]} 28. Re1 {[%emt 0:00:29]} Bf6 {[%emt 0:00:38]} 29. Nxf7+ {[%emt 0:00:22]} 1-0